• 首页
  • 本馆介绍
  • 公告通知
  • 最新文献
  • 馆藏检索
  • 电子资源
  • 读者导购
  • 参考咨询
  • 我的图书馆
  • 登录
  • 详细信息显示
  • 放入我的书架
  • 预约/预借图书
  • 作者相关作品
  • 分类相关作品
  • 丛书相关作品
  • 出版社相关作品

书目信息

  • 表格格式
  • 工作单格式
  • 卡片格式
题名:
热工技术手册
    
 
作者: ;能源部西安热工研究所 主编
分册: 5   热工仪表与自动化
出版信息: 北京   水利电力出版社  1992.08
页数: 696页
开本: 26cm
丛书名:
单 册:
中图分类: TK3
科图分类:
主题词: 热工仪表-火电厂--技术手册 , 火电厂--自动化--技术手册 , 火电厂--技术手册 , 热工测量 , 热力工程--自动控制
电子资源:
ISBN: 7-120-01418-8
000 01061nam0 2200277 45
001 0193004524
005 20061123102843.29
010    @a7-120-01418-8@b精装@dCNY35.50
100    @a19930119d1992 em y0chiy0121 ea
101 0  @achi
102    @aCN@b110000
105    @ay z 000yy
200 10 @a热工技术手册@ARE GONG JI SHU SHOU CE@h5@i热工仪表与自动化@IRE GONG YI BIAO YU ZI DONG HUA@f能源部西安热工研究所主编@FNENG YUAN BU XI AN RE GONG YANJIU SUO ZHU BIAN
210    @a北京@c水利电力出版社@d1992.08
215    @a696页@d26cm
330    @a本书共4篇26章。内容有:火力发电主要运行参数的测量方法和仪表;汽包炉、直流炉的调节设备和调节系统;汽轮机旁路和电厂辅机调节系统;计算机实时监控系统等。
540 1  @a热工 技术@ARE GONG JI SHU
606    @a热工仪表-火电厂@x技术手册
606    @a火电厂@x自动化@x技术手册
606    @a火电厂@x技术手册
606 0  @a热工测量
606 0  @a热力工程@x自动控制
690    @aTK3
711 02 @a能源部西安热工研究所@ANENG YUAN BU XI AN RE GONG YAN JIU SUO@4主编
801  0 @aCN@bTSSF@c20061123
905    @a10447@dTK3@e37
    
    热工技术手册.5.热工仪表与自动化/能源部西安热工研究所主编.-北京:水利电力出版社,1992.08
    696页;26cm
    
    
    ISBN 7-120-01418-8(精装):CNY35.50
    本书共4篇26章。内容有:火力发电主要运行参数的测量方法和仪表;汽包炉、直流炉的调节设备和调节系统;汽轮机旁路和电厂辅机调节系统;计算机实时监控系统等。
●
相关链接 在E读中查询图书 在五车中查询图书 在当当中查询图书 在豆瓣中查询图书


正题名:热工技术手册     索取号:TK3/37         预约/预借

序号 登录号 条形码 馆藏地/架位号 状态 备注
1 0266759   001471384   第二样本阅览室/ [索取号:TK3/37] 在馆    
唐山师范学院图书馆 欢迎您!
大连网信软件有限公司© 版权所有